[Event "Montreal Elo"]
[Site "Montreal CAN"]
[Date "2005.09.18"]
[Round "3"]
[White "McDonough, Jonathan"]
[Black "Laptos, Krzysztof"]
[Result "1-0"]
[WhiteElo "2212"]
[BlackElo "2279"]
[PlyCount "99"]
[GameId "2160767910834635"]
[EventDate "2005.09.16"]
[EventType "tourn"]
[EventRounds "9"]
[EventCountry "CAN"]
[EventCategory "1"]
[SourceTitle "EXT 2007"]
[Source "ChessBase"]
[SourceDate "2006.11.23"]
[SourceVersion "1"]
[SourceVersionDate "2006.11.23"]
[SourceQuality "1"]

1. d4 Nf6 2. c4 e6 3. Nc3 c5 4. d5 exd5 5. cxd5 d6 6. e4 a6 7. a4 g6 8. h3 Bg7 9. Nf3 O-O 10. Bd3 Re8 11. O-O c4 12. Bc2 Nbd7 13. Be3 Qc7 14. Qe2 Rb8 15. Nd4 Nh5 16. Rad1 Be5 17. Nf3 Bh8 18. Ba7 Ra8 19. Bd4 Ne5 20. Nxe5 dxe5 21. Be3 Nf4 22. Qf3 Qd6 23. a5 Qb4 24. Ba4 Rd8 25. Bb6 Rd6 26. Qe3 Qxb2 27. Rd2 Rxb6 28. Rxb2 Rxb2 29. Rb1 Ne2+ 30. Kh2 Rxb1 31. Nxb1 Nd4 32. Na3 f5 33. f3 f4 34. Qe1 Bf6 35. Nxc4 Nb5 36. Nb6 Rb8 37. Qc1 Bd8 38. Nxc8 Nd4 39. d6 Bh4 40. Qc7 Bg3+ 41. Kh1 Bf2 42. Qxb8 Ne2 43. Ne7+ Kg7 44. Qg8+ Kh6 45. Nf5+ gxf5 46. d7 fxe4 47. d8=Q Ng3+ 48. Qxg3 fxg3 49. Qf6+ Kh5 50. Be8# 1-0

[Event "Montreal Elo"]
[Site "Montreal CAN"]
[Date "2005.09.18"]
[Round "3"]
[White "Voskanyan, Vahagn"]
[Black "Robidas, Francois"]
[Result "1-0"]
[WhiteElo "2320"]
[BlackElo "2045"]
[PlyCount "43"]
[GameId "2160767910834636"]
[EventDate "2005.09.16"]
[EventType "tourn"]
[EventRounds "9"]
[EventCountry "CAN"]
[EventCategory "1"]
[SourceTitle "EXT 2007"]
[Source "ChessBase"]
[SourceDate "2006.11.23"]
[SourceVersion "1"]
[SourceVersionDate "2006.11.23"]
[SourceQuality "1"]

1. e4 Nf6 2. e5 Nd5 3. Nc3 e6 4. Nf3 d6 5. exd6 Bxd6 6. d4 Nd7 7. Bg5 N7f6 8. Bc4 c6 9. O-O Qc7 10. Re1 O-O 11. Ne4 Be7 12. Qd2 b6 13. a3 c5 14. dxc5 bxc5 15. Nxf6+ Nxf6 16. Bf4 Qb6 17. Be5 Rd8 18. Qf4 Ne8 19. b3 Bb7 20. Rad1 Bf6 21. Bd3 Rd7 22. Bxh7+ 1-0

[Event "Montreal Elo"]
[Site "Montreal CAN"]
[Date "2005.09.19"]
[Round "4"]
[White "Khassanov, Marat"]
[Black "Voskanyan, Vahagn"]
[Result "0-1"]
[WhiteElo "2339"]
[BlackElo "2320"]
[PlyCount "76"]
[GameId "2160767910834638"]
[EventDate "2005.09.16"]
[EventType "tourn"]
[EventRounds "9"]
[EventCountry "CAN"]
[EventCategory "1"]
[SourceTitle "EXT 2007"]
[Source "ChessBase"]
[SourceDate "2006.11.23"]
[SourceVersion "1"]
[SourceVersionDate "2006.11.23"]
[SourceQuality "1"]

1. e4 c6 2. d4 d5 3. exd5 cxd5 4. c3 Nc6 5. Bf4 Nf6 6. Bd3 Bg4 7. Nf3 Qb6 8. Qb3 Bxf3 9. gxf3 e6 10. Qxb6 axb6 11. Rg1 Kd7 12. Nd2 Nb8 13. Be3 Bd6 14. Nb3 g6 15. h3 Re8 16. Kd2 Kc7 17. Bb5 Nc6 18. a4 Re7 19. Kc2 Rc8 20. h4 Na5 21. Nxa5 bxa5 22. Kb3 Kb8 23. c4 Nh5 24. Rge1 Ng7 25. Rad1 Nf5 26. Rh1 Rd8 27. c5 Bc7 28. Bd3 Ng7 29. Kc3 Rc8 30. b4 axb4+ 31. Kxb4 e5 32. a5 Ne6 33. dxe5 Bxe5 34. a6 Rec7 35. axb7 Rxb7+ 36. Ka3 Nxc5 37. Bd4 Ra7+ 38. Kb2 Bxd4+ 0-1

[Event "Montreal Elo"]
[Site "Montreal CAN"]
[Date "2005.09.19"]
[Round "4"]
[White "Malek, Omid"]
[Black "Bolduc, Steve"]
[Result "0-1"]
[WhiteElo "2165"]
[BlackElo "2206"]
[PlyCount "100"]
[GameId "2160767910900176"]
[EventDate "2005.09.16"]
[EventType "tourn"]
[EventRounds "9"]
[EventCountry "CAN"]
[EventCategory "1"]
[SourceTitle "EXT 2007"]
[Source "ChessBase"]
[SourceDate "2006.11.23"]
[SourceVersion "1"]
[SourceVersionDate "2006.11.23"]
[SourceQuality "1"]

1. e4 c5 2. Nf3 d6 3. d4 cxd4 4. Nxd4 Nf6 5. Nc3 a6 6. Be3 e5 7. Nb3 Be6 8. f3 Nbd7 9. g4 Be7 10. Qd2 b5 11. O-O-O Rc8 12. Kb1 Nb6 13. Qf2 Nc4 14. Bxc4 bxc4 15. Nc5 O-O 16. g5 Nh5 17. g6 hxg6 18. Nxe6 fxe6 19. Qg2 Qe8 20. Rhg1 Kh7 21. Qh3 Qf7 22. Rdf1 Kg8 23. Qg4 d5 24. exd5 exd5 25. Bg5 Bc5 26. Rg2 Rc6 27. Rd2 Bd4 28. Ne2 Bxb2 29. Kxb2 c3+ 30. Nxc3 Rb8+ 31. Ka1 Rxc3 32. Rb1 Rxb1+ 33. Kxb1 Rc4 34. Qh3 Qb7+ 35. Kc1 Qc6 36. Qf1 Nf4 37. Bxf4 Rxf4 38. Qd3 d4 39. Qb3+ Kh7 40. Rd3 g5 41. Qb8 Rxf3 42. Qxe5 Rxd3 43. Qf5+ Qg6 44. Qxd3 Qxd3 45. cxd3 Kg6 46. Kc2 Kf5 47. Kb3 Kf4 48. Kb4 Ke3 49. Kc4 g4 50. a3 a5 0-1

[Event "Montreal Elo"]
[Site "Montreal CAN"]
[Date "2005.09.19"]
[Round "4"]
[White "Robidas, Francois"]
[Black "McDonough, Jonathan"]
[Result "0-1"]
[WhiteElo "2045"]
[BlackElo "2212"]
[PlyCount "138"]
[GameId "2160767910900177"]
[EventDate "2005.09.16"]
[EventType "tourn"]
[EventRounds "9"]
[EventCountry "CAN"]
[EventCategory "1"]
[SourceTitle "EXT 2007"]
[Source "ChessBase"]
[SourceDate "2006.11.23"]
[SourceVersion "1"]
[SourceVersionDate "2006.11.23"]
[SourceQuality "1"]

1. e4 e6 2. d4 d5 3. e5 c5 4. c3 Nc6 5. Nf3 Bd7 6. dxc5 Bxc5 7. b4 Be7 8. b5 Na5 9. Bd3 Rc8 10. O-O Nc4 11. a4 f6 12. Bf4 Nb2 13. Qe2 Nxd3 14. Qxd3 Rc4 15. Be3 Qa5 16. Qd1 Nh6 17. Nbd2 Rc8 18. Bd4 Nf5 19. Re1 O-O 20. g4 Nxd4 21. cxd4 f5 22. g5 Rc3 23. Re3 Rfc8 24. Nb3 Qb4 25. Rxc3 Rxc3 26. Nbd2 Qa5 27. Nb3 Qc7 28. h4 Be8 29. Rc1 Bh5 30. Rxc3 Qxc3 31. Nbd2 Qd3 32. Ne1 Bxd1 33. Nxd3 Bxa4 34. b6 axb6 35. Nf4 Kf7 36. Kf1 b5 37. Ke2 b4 38. Kd3 Bd8 39. Nf3 Bd1 40. Ne1 Ba4 41. Kd2 Bb6 42. Nf3 g6 43. Nd3 b3 44. Kc3 Ba5+ 45. Kb2 b6 46. Nf4 Bb4 47. h5 gxh5 48. Nxh5 Be7 49. Nf4 Bd7 50. Nh5 Bb5 51. Nf4 Bc4 52. Kb1 Ba6 53. Kb2 Bc8 54. Kxb3 Bf8 55. Nh5 h6 56. Nf4 Kg7 57. Nh5+ Kh7 58. Nf4 Be7 59. g6+ Kg7 60. Ka4 Bd7+ 61. Kb3 Bg5 62. Nxg5 hxg5 63. Nh5+ Kxg6 64. Nf6 Bc6 65. Kc3 g4 66. Ng8 Kg5 67. Kd3 Kf4 68. Ke2 Bb5+ 69. Ke1 Ke4 0-1

[Event "Montreal Elo"]
[Site "Montreal CAN"]
[Date "2005.09.20"]
[Round "5"]
[White "Bolduc, Steve"]
[Black "Laptos, Krzysztof"]
[Result "1/2-1/2"]
[WhiteElo "2206"]
[BlackElo "2279"]
[PlyCount "63"]
[GameId "2160767910900179"]
[EventDate "2005.09.16"]
[EventType "tourn"]
[EventRounds "9"]
[EventCountry "CAN"]
[EventCategory "1"]
[SourceTitle "EXT 2007"]
[Source "ChessBase"]
[SourceDate "2006.11.23"]
[SourceVersion "1"]
[SourceVersionDate "2006.11.23"]
[SourceQuality "1"]

1. d4 d5 2. c4 e6 3. Nf3 Nf6 4. Nc3 Be7 5. Bg5 Nbd7 6. e3 O-O 7. Rc1 c6 8. Bd3 h6 9. Bf4 Nh5 10. O-O Nxf4 11. exf4 Bd6 12. g3 Qf6 13. Re1 Bb4 14. a3 Bxc3 15. Rxc3 dxc4 16. Rxc4 Nb6 17. Rc5 Nd5 18. Ne5 Rd8 19. h4 b6 20. Rc1 Bb7 21. Bb1 c5 22. Qc2 g6 23. dxc5 bxc5 24. h5 Nxf4 25. Nxf7 Rd3 26. Re3 Nh3+ 27. Kh2 Rxe3 28. fxe3 Qxf7 29. Kxh3 gxh5 30. Qg6+ Qxg6 31. Bxg6 Rc8 32. Bxh5 1/2-1/2

[Event "Montreal Elo"]
[Site "Montreal CAN"]
[Date "2005.09.20"]
[Round "5"]
[White "McDonough, Jonathan"]
[Black "Khassanov, Marat"]
[Result "1/2-1/2"]
[WhiteElo "2212"]
[BlackElo "2339"]
[PlyCount "68"]
[GameId "2160767910900181"]
[EventDate "2005.09.16"]
[EventType "tourn"]
[EventRounds "9"]
[EventCountry "CAN"]
[EventCategory "1"]
[SourceTitle "EXT 2007"]
[Source "ChessBase"]
[SourceDate "2006.11.23"]
[SourceVersion "1"]
[SourceVersionDate "2006.11.23"]
[SourceQuality "1"]

1. d4 Nf6 2. c4 e6 3. Nc3 Bb4 4. e3 c5 5. Bd3 O-O 6. Nge2 d5 7. O-O dxc4 8. Bxc4 a6 9. a3 Bxc3 10. bxc3 b5 11. Bd3 Bb7 12. Ng3 Nbd7 13. e4 e5 14. d5 Ne8 15. Nf5 Kh8 16. c4 bxc4 17. Bxc4 Nb6 18. Ba2 Nd6 19. Nxd6 Qxd6 20. f4 f6 21. Rb1 Rab8 22. Rb3 Nd7 23. f5 Rfd8 24. Rh3 Nf8 25. Bc4 Bc6 26. Rff3 Be8 27. Rc3 Rb7 28. Qc2 Rc8 29. Be3 Nd7 30. Bc1 Qb6 31. Qf2 Qd6 32. Qh4 Nf8 33. Qf2 Nd7 34. Qh4 Nf8 1/2-1/2

[Event "Montreal Elo"]
[Site "Montreal CAN"]
[Date "2005.09.20"]
[Round "5"]
[White "Voskanyan, Vahagn"]
[Black "Chabot, Roland"]
[Result "1-0"]
[WhiteElo "2320"]
[BlackElo "2284"]
[PlyCount "82"]
[GameId "2160767910900182"]
[EventDate "2005.09.16"]
[EventType "tourn"]
[EventRounds "9"]
[EventCountry "CAN"]
[EventCategory "1"]
[SourceTitle "EXT 2007"]
[Source "ChessBase"]
[SourceDate "2006.11.23"]
[SourceVersion "1"]
[SourceVersionDate "2006.11.23"]
[SourceQuality "1"]

1. c4 e5 2. Nc3 d6 3. g3 f5 4. Bg2 Nf6 5. e3 Be7 6. d4 c6 7. Nge2 O-O 8. O-O e4 9. d5 Na6 10. b3 Nc7 11. dxc6 bxc6 12. Ba3 Ng4 13. Qd2 Rf6 14. Nd4 Qe8 15. f3 exf3 16. Bxf3 Ne5 17. Bg2 Bd7 18. e4 g6 19. Rae1 Qf7 20. exf5 gxf5 21. Nce2 a5 22. Bb2 a4 23. Nf3 Nxf3+ 24. Bxf3 Re6 25. Nf4 Rxe1 26. Rxe1 Bf6 27. Bd4 axb3 28. axb3 Re8 29. Ra1 Bxd4+ 30. Qxd4 Qe7 31. Rd1 d5 32. cxd5 cxd5 33. Nxd5 Nxd5 34. Bxd5+ Be6 35. Re1 Qf7 36. Bxe6 Rxe6 37. Rxe6 Qxe6 38. Qc4 Qxc4 39. bxc4 Kf7 40. Kf2 Ke6 41. Ke3 Ke5 1-0

[Event "Montreal Elo"]
[Site "Montreal CAN"]
[Date "2005.09.22"]
[Round "6"]
[White "Chabot, Roland"]
[Black "McDonough, Jonathan"]
[Result "1-0"]
[WhiteElo "2284"]
[BlackElo "2212"]
[PlyCount "94"]
[GameId "2160767910900183"]
[EventDate "2005.09.16"]
[EventType "tourn"]
[EventRounds "9"]
[EventCountry "CAN"]
[EventCategory "1"]
[SourceTitle "EXT 2007"]
[Source "ChessBase"]
[SourceDate "2006.11.23"]
[SourceVersion "1"]
[SourceVersionDate "2006.11.23"]
[SourceQuality "1"]

1. d4 Nf6 2. c4 e6 3. Nc3 d5 4. cxd5 exd5 5. Bg5 c6 6. e3 Bf5 7. Qf3 Bg6 8. Bxf6 Qxf6 9. Qxf6 gxf6 10. Rc1 Nd7 11. Nf3 Nb6 12. Nd2 Rd8 13. a3 Nc8 14. Na4 Nd6 15. Nc5 f5 16. g3 Rb8 17. Be2 Ne4 18. Nd3 Bd6 19. Nf3 Ke7 20. Nh4 Bc7 21. Ng2 Kf6 22. h4 h5 23. Ngf4 Bd8 24. Rc2 Be7 25. O-O Kg7 26. b4 a6 27. a4 Nd6 28. Ne5 Kh6 29. b5 axb5 30. axb5 cxb5 31. Rc7 Rhe8 32. Nxd5 Bf8 33. Nf6 Rec8 34. Rfc1 Bg7 35. Ned7 Rxc7 36. Rxc7 Ra8 37. Nd5 Ra2 38. Bf3 Ne4 39. Bxe4 fxe4 40. Ne7 Ra1+ 41. Kg2 Bh7 42. Rxb7 Rb1 43. Rb6+ f6 44. Nd5 Bf5 45. N7xf6 b4 46. Nxe4+ Kh7 47. Ng5+ Kg8 1-0

[Event "Montreal Elo"]
[Site "Montreal CAN"]
[Date "2005.09.22"]
[Round "6"]
[White "Malek, Omid"]
[Black "Laptos, Krzysztof"]
[Result "1-0"]
[WhiteElo "2165"]
[BlackElo "2279"]
[PlyCount "39"]
[GameId "2160767910900186"]
[EventDate "2005.09.16"]
[EventType "tourn"]
[EventRounds "9"]
[EventCountry "CAN"]
[EventCategory "1"]
[SourceTitle "EXT 2007"]
[Source "ChessBase"]
[SourceDate "2006.11.23"]
[SourceVersion "1"]
[SourceVersionDate "2006.11.23"]
[SourceQuality "1"]

1. e4 c5 2. Nf3 Nc6 3. Nc3 e5 4. Bc4 Be7 5. O-O a6 6. a4 d6 7. h3 Be6 8. d3 Nf6 9. Nd5 Bxd5 10. exd5 Nb4 11. c3 Nbxd5 12. d4 cxd4 13. Qb3 Qa5 14. cxd4 exd4 15. Qxb7 Rd8 16. Bd2 Qc5 17. Rac1 Rd7 18. Bxd5 Qxd5 19. Rc8+ Rd8 20. Rxd8+ 1-0

[Event "Montreal Elo"]
[Site "Montreal CAN"]
[Date "2005.09.22"]
[Round "6"]
[White "Robidas, Francois"]
[Black "Bolduc, Steve"]
[Result "0-1"]
[WhiteElo "2045"]
[BlackElo "2206"]
[PlyCount "88"]
[GameId "2160767910900187"]
[EventDate "2005.09.16"]
[EventType "tourn"]
[EventRounds "9"]
[EventCountry "CAN"]
[EventCategory "1"]
[SourceTitle "EXT 2007"]
[Source "ChessBase"]
[SourceDate "2006.11.23"]
[SourceVersion "1"]
[SourceVersionDate "2006.11.23"]
[SourceQuality "1"]

1. e4 c5 2. c3 Nf6 3. e5 Nd5 4. Nf3 e6 5. Bc4 d6 6. O-O Nc6 7. d4 cxd4 8. cxd4 Be7 9. Re1 O-O 10. Nc3 Nxc3 11. bxc3 dxe5 12. dxe5 Qxd1 13. Rxd1 Na5 14. Bd3 b6 15. Bg5 Bxg5 16. Nxg5 h6 17. Ne4 Bb7 18. Nd6 Rad8 19. Rac1 f6 20. f4 fxe5 21. fxe5 Rf4 22. c4 Bc6 23. c5 Bd5 24. Bb5 bxc5 25. Rxc5 Bxa2 26. Rc7 Bc4 27. Rxa7 Bxb5 28. Rxa5 Bc6 29. Rc5 Bd5 30. Re1 Rb4 31. Ne8 Kh7 32. Rc2 Re4 33. Rxe4 Bxe4 34. Re2 Bxg2 35. Nd6 Bd5 36. Kf2 Ra8 37. Re3 g5 38. h4 Ra2+ 39. Kf1 gxh4 40. Ne8 Kg6 41. Nf6 Bg2+ 42. Kg1 Kf5 43. Nh5 Be4 44. Nf6 Ra4 0-1

[Event "Montreal Elo"]
[Site "Montreal CAN"]
[Date "2005.09.23"]
[Round "7"]
[White "Bolduc, Steve"]
[Black "Khassanov, Marat"]
[Result "1-0"]
[WhiteElo "2206"]
[BlackElo "2339"]
[PlyCount "53"]
[GameId "2160767910900189"]
[EventDate "2005.09.16"]
[EventType "tourn"]
[EventRounds "9"]
[EventCountry "CAN"]
[EventCategory "1"]
[SourceTitle "EXT 2007"]
[Source "ChessBase"]
[SourceDate "2006.11.23"]
[SourceVersion "1"]
[SourceVersionDate "2006.11.23"]
[SourceQuality "1"]

1. d4 Nf6 2. c4 c6 3. Nf3 d5 4. e3 g6 5. Nc3 Bg7 6. Be2 O-O 7. O-O Be6 8. b3 c5 9. Bb2 Nc6 10. dxc5 dxc4 11. Ng5 Bf5 12. Bxc4 Ne5 13. Qxd8 Rfxd8 14. Be2 Bd3 15. Rad1 Rac8 16. Nf3 Nfg4 17. Nd4 Bxe2 18. Ncxe2 Rxc5 19. h3 Nf6 20. Ba3 Rc7 21. f4 Nd5 22. Kf2 Bh6 23. g4 Nc3 24. Nxc3 Rxc3 25. g5 Bxg5 26. fxg5 Nc4 27. Bb4 1-0

[Event "Montreal Elo"]
[Site "Montreal CAN"]
[Date "2005.09.23"]
[Round "7"]
[White "Laptos, Krzysztof"]
[Black "Robidas, Francois"]
[Result "1-0"]
[WhiteElo "2279"]
[BlackElo "2045"]
[PlyCount "105"]
[GameId "2160767910900190"]
[EventDate "2005.09.16"]
[EventType "tourn"]
[EventRounds "9"]
[EventCountry "CAN"]
[EventCategory "1"]
[SourceTitle "EXT 2007"]
[Source "ChessBase"]
[SourceDate "2006.11.23"]
[SourceVersion "1"]
[SourceVersionDate "2006.11.23"]
[SourceQuality "1"]

1. e4 Nf6 2. d3 e5 3. Nf3 Nc6 4. Be2 Bc5 5. c3 d6 6. O-O O-O 7. Bg5 Bb6 8. Nbd2 Be6 9. b4 Qd7 10. Bxf6 gxf6 11. Nc4 Ne7 12. d4 Rfd8 13. d5 Bg4 14. Nfxe5 Bxe2 15. Nxd7 Bxd1 16. Ndxb6 Be2 17. Rfe1 Bd3 18. Re3 axb6 19. Rxd3 Ra4 20. Rg3+ Kf8 21. h4 Rda8 22. a3 b5 23. Na5 f5 24. exf5 Nxf5 25. Rh3 b6 26. Nc6 Rxa3 27. Rxa3 Rxa3 28. g4 Ne7 29. Nxe7 Kxe7 30. Re3+ Kd7 31. Kg2 Ra2 32. Rd3 Rc2 33. Kg3 Ke7 34. f3 Kf6 35. Kf4 h6 36. Ke4 Rh2 37. h5 Kg5 38. Ke3 f5 39. Rd4 Rh4 40. gxf5 Rxh5 41. Rf4 Kf6 42. Ke4 Rh1 43. Rg4 Rc1 44. Rg6+ Kf7 45. Rxh6 Rxc3 46. f6 Rb3 47. f4 Rxb4+ 48. Kf5 Rb1 49. Rh7+ Ke8 50. Rxc7 Rh1 51. Rb7 Rh2 52. Rxb6 Re2 53. Rxb5 1-0

[Event "Montreal Elo"]
[Site "Montreal CAN"]
[Date "2005.09.23"]
[Round "7"]
[White "Voskanyan, Vahagn"]
[Black "Malek, Omid"]
[Result "1-0"]
[WhiteElo "2320"]
[BlackElo "2165"]
[PlyCount "147"]
[GameId "2160767910900192"]
[EventDate "2005.09.16"]
[EventType "tourn"]
[EventRounds "9"]
[EventCountry "CAN"]
[EventCategory "1"]
[SourceTitle "EXT 2007"]
[Source "ChessBase"]
[SourceDate "2006.11.23"]
[SourceVersion "1"]
[SourceVersionDate "2006.11.23"]
[SourceQuality "1"]

1. Nf3 Nf6 2. c4 e6 3. g3 d5 4. b3 c5 5. cxd5 exd5 6. Bg2 Nc6 7. O-O Be7 8. d4 Ne4 9. Bb2 O-O 10. dxc5 Bxc5 11. Nc3 Be6 12. Rc1 Nxc3 13. Bxc3 Qb6 14. Bb2 Rfd8 15. Qc2 Be7 16. Rfd1 Rac8 17. e3 Nb4 18. Qb1 Qa5 19. a3 Rxc1 20. Rxc1 Nc6 21. Qd3 Qb6 22. b4 f6 23. Bd4 Nxd4 24. Nxd4 Bf7 25. Qc3 Bd6 26. Nf5 Be5 27. Qd2 Kf8 28. Rc5 Qe6 29. Nd4 Qd7 30. Rc1 Rc8 31. Rd1 Qa4 32. Bh3 Rd8 33. Qc1 Bxd4 34. Rxd4 b6 35. Qc7 Qe8 36. Qxa7 Qc6 37. b5 Qxb5 38. Rb4 Qc5 39. Qxb6 Qxb6 40. Rxb6 Ra8 41. Rb3 d4 42. Rd3 Bg6 43. Rxd4 Rxa3 44. Kg2 Ra5 45. Bg4 Bf5 46. Bf3 Ke7 47. Rb4 Ra7 48. g4 Bg6 49. Kg3 Rd7 50. Kf4 Rd2 51. Rb7+ Kf8 52. Kg3 Rd8 53. h4 Bf7 54. g5 f5 55. Rb2 g6 56. Kf4 Rd7 57. h5 Re7 58. Rb8+ Re8 59. Rxe8+ Bxe8 60. h6 Bb5 61. Bd5 Bd3 62. Ke5 Be2 63. Kf6 Bd3 64. f3 Be2 65. Bf7 Bxf3 66. Bxg6 Kg8 67. Bxf5 Kh8 68. e4 Be2 69. e5 Bb5 70. Ke7 Bc4 71. e6 Bb5 72. Kd8 Bc4 73. e7 Bg8 74. Bxh7 1-0

[Event "Montreal Elo"]
[Site "Montreal CAN"]
[Date "2005.09.24"]
[Round "8"]
[White "Chabot, Roland"]
[Black "Bolduc, Steve"]
[Result "1/2-1/2"]
[WhiteElo "2284"]
[BlackElo "2206"]
[PlyCount "78"]
[GameId "2160767910900193"]
[EventDate "2005.09.16"]
[EventType "tourn"]
[EventRounds "9"]
[EventCountry "CAN"]
[EventCategory "1"]
[SourceTitle "EXT 2007"]
[Source "ChessBase"]
[SourceDate "2006.11.23"]
[SourceVersion "1"]
[SourceVersionDate "2006.11.23"]
[SourceQuality "1"]

1. d4 Nf6 2. c4 e6 3. Nc3 Bb4 4. e3 b6 5. Bd3 Bb7 6. Nf3 Ne4 7. O-O Bxc3 8. bxc3 f5 9. Ne1 O-O 10. f3 Nd6 11. Rb1 c5 12. Be2 Qc7 13. Ba3 Nf7 14. Nd3 d6 15. Nf4 Nd8 16. Qd2 g5 17. Nh3 Nf7 18. Bd3 Bc8 19. Qc2 Nc6 20. Rbe1 Ne7 21. e4 f4 22. e5 dxe5 23. Bxh7+ Kg7 24. Be4 Rb8 25. dxc5 bxc5 26. Nf2 Qa5 27. Bc1 Ba6 28. Bd3 Rfd8 29. Ng4 Rxd3 30. Qxd3 Rd8 31. Qc2 Bxc4 32. Rf2 Ng6 33. Rd2 a6 34. Rxd8 Qxd8 35. Rd1 Qa5 36. Nf2 e4 37. Qxe4 Qxa2 38. Qe1 Nfe5 39. Qd2 Qxd2 1/2-1/2

[Event "Montreal Elo"]
[Site "Montreal CAN"]
[Date "2005.09.24"]
[Round "8"]
[White "Khassanov, Marat"]
[Black "Laptos, Krzysztof"]
[Result "1-0"]
[WhiteElo "2339"]
[BlackElo "2279"]
[PlyCount "71"]
[GameId "2160767910900194"]
[EventDate "2005.09.16"]
[EventType "tourn"]
[EventRounds "9"]
[EventCountry "CAN"]
[EventCategory "1"]
[SourceTitle "EXT 2007"]
[Source "ChessBase"]
[SourceDate "2006.11.23"]
[SourceVersion "1"]
[SourceVersionDate "2006.11.23"]
[SourceQuality "1"]

1. Nf3 d5 2. c4 c6 3. b3 Nf6 4. Bb2 Bg4 5. Ne5 Bf5 6. e3 e6 7. Be2 Nbd7 8. f4 Nxe5 9. Bxe5 Bd6 10. Bb2 Qb6 11. Bd4 Bc5 12. Bxc5 Qxc5 13. d4 Qe7 14. Nc3 O-O 15. O-O Rfd8 16. c5 b6 17. b4 a5 18. a3 bxc5 19. bxc5 Rdb8 20. Bd3 Bxd3 21. Qxd3 Rb3 22. Nxd5 Qb7 23. Nxf6+ gxf6 24. Qe2 Rb2 25. Qg4+ Kh8 26. Qh4 Rg8 27. Qxf6+ Rg7 28. Kh1 Qb3 29. Rg1 Qxe3 30. d5 e5 31. Rab1 Qb3 32. Rxb2 Qxb2 33. dxc6 h5 34. c7 Qb7 35. Qh6+ Kg8 36. Qb6 1-0

[Event "Montreal Elo"]
[Site "Montreal CAN"]
[Date "2005.09.24"]
[Round "8"]
[White "Malek, Omid"]
[Black "Robidas, Francois"]
[Result "1-0"]
[WhiteElo "2165"]
[BlackElo "2045"]
[PlyCount "71"]
[GameId "2160767910900196"]
[EventDate "2005.09.16"]
[EventType "tourn"]
[EventRounds "9"]
[EventCountry "CAN"]
[EventCategory "1"]
[SourceTitle "EXT 2007"]
[Source "ChessBase"]
[SourceDate "2006.11.23"]
[SourceVersion "1"]
[SourceVersionDate "2006.11.23"]
[SourceQuality "1"]

1. e4 Nf6 2. e5 Nd5 3. c4 Nb6 4. d4 d6 5. f4 dxe5 6. fxe5 Nc6 7. Be3 Bf5 8. Nc3 e6 9. a3 Be7 10. Nf3 O-O 11. b4 a6 12. Qb3 Bg4 13. O-O-O a5 14. b5 a4 15. Qa2 Na5 16. h3 Bf5 17. g4 Bg6 18. Nd2 c6 19. Kb2 Qc7 20. h4 h6 21. h5 Bh7 22. g5 cxb5 23. Nxb5 Qc6 24. Rg1 hxg5 25. Bxg5 Bxg5 26. Rxg5 Kh8 27. Nd6 f6 28. Bg2 Nd5 29. exf6 gxf6 30. Rxd5 exd5 31. c5 Qd7 32. Qxd5 Qg4 33. Bf3 Qg3 34. h6 Bg8 35. N2c4 Qh4 36. Rh1 1-0

[Event "Montreal Elo"]
[Site "Montreal CAN"]
[Date "2005.09.24"]
[Round "8"]
[White "Voskanyan, Vahagn"]
[Black "McDonough, Jonathan"]
[Result "1-0"]
[WhiteElo "2320"]
[BlackElo "2212"]
[PlyCount "95"]
[GameId "2160767910900197"]
[EventDate "2005.09.16"]
[EventType "tourn"]
[EventRounds "9"]
[EventCountry "CAN"]
[EventCategory "1"]
[SourceTitle "EXT 2007"]
[Source "ChessBase"]
[SourceDate "2006.11.23"]
[SourceVersion "1"]
[SourceVersionDate "2006.11.23"]
[SourceQuality "1"]

1. e4 e6 2. d4 d5 3. Nc3 Bb4 4. Bd3 c5 5. a3 Bxc3+ 6. bxc3 Ne7 7. exd5 exd5 8. dxc5 Qa5 9. Ne2 Na6 10. Rb1 O-O 11. Rb5 Qa4 12. O-O Bd7 13. Rxb7 Nxc5 14. Rb4 Qc6 15. Nd4 Qf6 16. Qh5 g6 17. Qh6 a5 18. Rb1 Rfe8 19. Bg5 Qd6 20. Bf4 Qf6 21. Be3 Rac8 22. Rfd1 Qg7 23. Qxg7+ Kxg7 24. Nb5 Rf8 25. Bd4+ Kg8 26. Nd6 Rc7 27. Bf6 Nc8 28. Nb5 Rc6 29. Be5 f6 30. Bf4 Na4 31. Bd2 Ncb6 32. Nd4 Rc7 33. Re1 Nc4 34. Bxc4 dxc4 35. Re7 Rf7 36. Rbe1 g5 37. h4 h6 38. f3 Kf8 39. Rxf7+ Kxf7 40. hxg5 hxg5 41. Rb1 Nc5 42. Rb6 Ke7 43. Be3 a4 44. Nb5 Rc8 45. Bxc5+ Rxc5 46. Nd4 Be8 47. Kf2 Bg6 48. Re6+ 1-0

[Event "Montreal Elo"]
[Site "Montreal CAN"]
[Date "2005.09.25"]
[Round "9"]
[White "Laptos, Krzysztof"]
[Black "Chabot, Roland"]
[Result "1/2-1/2"]
[WhiteElo "2279"]
[BlackElo "2284"]
[PlyCount "110"]
[GameId "2160767910900200"]
[EventDate "2005.09.16"]
[EventType "tourn"]
[EventRounds "9"]
[EventCountry "CAN"]
[EventCategory "1"]
[SourceTitle "EXT 2007"]
[Source "ChessBase"]
[SourceDate "2006.11.23"]
[SourceVersion "1"]
[SourceVersionDate "2006.11.23"]
[SourceQuality "1"]

1. d4 f5 2. g3 Nf6 3. Bg2 g6 4. c3 Bg7 5. Nd2 d5 6. Ngf3 Nc6 7. Qb3 e6 8. Nf1 a5 9. Bf4 a4 10. Qc2 Ne4 11. h4 h6 12. g4 O-O 13. gxf5 exf5 14. Ne3 Be6 15. Nd2 Nxd2 16. Qxd2 g5 17. hxg5 hxg5 18. Be5 f4 19. Bxg7 Kxg7 20. Qd3 Rh8 21. Rxh8 Qxh8 22. Nxd5 Qd8 23. Qe4 Bxd5 24. Qxd5 Qxd5 25. Bxd5 Ne7 26. Be4 a3 27. b4 c6 28. Kd2 Nd5 29. Rh1 Nf6 30. Bf3 Kf7 31. e4 g4 32. e5 gxf3 33. exf6 Re8 34. Re1 Rh8 35. Kd3 Kxf6 36. c4 Rh2 37. Rf1 Kf5 38. c5 Rg2 39. Kc4 Rh2 40. d5 cxd5+ 41. Kxd5 Rh8 42. Kd6 Ke4 43. b5 Kd3 44. Re1 Rh2 45. Kc7 Rxf2 46. Kxb7 Rc2 47. c6 f2 48. Rh1 Ke2 49. c7 f1=Q 50. Rxf1 Kxf1 51. c8=Q Rxc8 52. Kxc8 f3 53. b6 f2 54. b7 Kg2 55. b8=Q f1=Q 1/2-1/2